01016nab a2200205 i 4500001001000000003001000010005001700020008004100037040003000078041000800108100003600116245014600152520024900298650004300547700004100590773014700631942000800778945000700786999001700793768714001CO-MdFUSB20240826123500.0220913r1998 ck ||||| |||| 00| 0 spa d bspacCO-MdFUSBdCO-MdFUSB aspa aLombana Díaz, Isabel, eautor 4aLos indígenas Polindara y una historia de arte colonial religiosoc/ Misionera Isabel Lombana Díaz , Misionera Isabel Carmen Hoyos Castro aPolidara, descripción. -- Marco histórico. -- Tenencia de la tierra. -- Creencias y costumbres. -- Los santos de la evangelización. -- Conclusiones y recomendaciones. -- Reseña de los óleos de Polindara. -- Información sobre el IMA. 796714aAntropología cultural y social aHoyos Castro, Isabel Carmen, eautor0 049438981267dCentro Antropológico ColombianooR1691tEthniaw(CO-MdFUSB)768714001gVolumen 81, (mayo, 1998) páginas: 1 - 68 qpágina: 1 cANA aAF c68143d68143